La disposición ANMAT 3646/98 y el acceso a la interrupción voluntaria del embarazo / (Registro nro. 5739)
[ vista simple ]
| 000 -LEADER | |
|---|---|
| fixed length control field | 01295nab a22002297a 4500 |
| 003 - CONTROL NUMBER IDENTIFIER | |
| control field | OSt |
| 005 - DATE AND TIME OF LATEST TRANSACTION | |
| control field | 20260101200908.0 |
| 008 - FIXED-LENGTH DATA ELEMENTS--GENERAL INFORMATION | |
| fixed length control field | 190514b xxu||||| |||| 00| 0 spa d |
| 040 ## - CATALOGING SOURCE | |
| Transcribing agency | PJ |
| 100 ## - MAIN ENTRY--PERSONAL NAME | |
| 9 (RLIN) | 6658 |
| Personal name | Tanarro, Camila |
| 245 13 - TITLE STATEMENT | |
| Title | La disposición ANMAT 3646/98 y el acceso a la interrupción voluntaria del embarazo / |
| Statement of responsibility, etc | Camila Tanarro. |
| 300 ## - PHYSICAL DESCRIPTION | |
| Extent | p. 7-14 |
| 500 ## - GENERAL NOTE | |
| General note | Cita: TR LALEY AR/DOC/457/2025. |
| 505 ## - FORMATTED CONTENTS NOTE | |
| Formatted contents note | Sumario: I. Introducción.— II. Breve reseña del fallo.— III. Acción colectiva y legitimación activa.— IV. Legitimidad de la medida cautelar.— V. Jerarquía normativa: marco constitucional de los derechos en juego.— VI. Conclusión. <br/> |
| 505 ## - FORMATTED CONTENTS NOTE | |
| Formatted contents note | Fallo comentado: CNFed. Contenciosoadministrativo, sala I ~ 19/09/2024 ~ Asociación Civil Centro de Estudios Legales y Sociales c. Administración Nacional de Medicamentos Alimentos y Tecnología — Disp. 3646/98 Expte. 23296671/23 s/ inc. apelación. |
| 650 #0 - SUBJECT ADDED ENTRY--TOPICAL TERM | |
| 9 (RLIN) | 967 |
| Topical term or geographic name as entry element | DERECHO DE FAMILIA |
| 650 #0 - SUBJECT ADDED ENTRY--TOPICAL TERM | |
| 9 (RLIN) | 5886 |
| Topical term or geographic name as entry element | INTERRUPCIÓN DEL EMBARAZO |
| 650 #0 - SUBJECT ADDED ENTRY--TOPICAL TERM | |
| 9 (RLIN) | 2936 |
| Topical term or geographic name as entry element | ABORTO |
| 650 #0 - SUBJECT ADDED ENTRY--TOPICAL TERM | |
| 9 (RLIN) | 1057 |
| Topical term or geographic name as entry element | JURISPRUDENCIA APLICABLE |
| 773 0# - HOST ITEM ENTRY | |
| Host Biblionumber | 2844 |
| Host Itemnumber | 3222 |
| Place, publisher, and date of publication | Buenos Aires : AbeledoPerrot, 1989- |
| Title | Derecho de familia. Revista Interdisciplinaria de doctrina y jurisprudencia. Abril 2025-II. |
| International Standard Book Number | 18511201 |
| 942 ## - ADDED ENTRY ELEMENTS (KOHA) | |
| Source of classification or shelving scheme | |
| Koha item type | Analítica Artículo de Revista |
No hay ítems disponibles.
